Dans quel pays est cette ville ? _ clic quiz - Statistiques

Statistiques générales
  • Ce quiz a été pris 572 fois
  • Le résultat moyen est 15 sur 20
Statistiques - réponses
Hint Réponse % Correct
Paris France
98%
New Delhi Inde
96%
Sydney Australie
94%
La Nouvelle Orléans États Unis
91%
Fukuoka Japon
87%
Charleroi Belgique
86%
Xiamen Chine
86%
Bristol Royaume Uni
82%
Novossibirsk Russie
82%
Khartoum Soudan
78%
Eindhoven Pays Bas
77%
Antalya Turquie
76%
Salerne Italie
68%
Santander Espagne
67%
Bielefeld Allemagne
58%
Bloemfontein Afrique du Sud
57%
Coquimbo Chili
57%
Saint Gall Suisse
56%
Natal Brésil
51%
Surrey Canada
35%
Aucun quiz correspondant
Distribution des résultats
% des personnes avec chaque résultat
Percentile par nombre de réponses
Votre historique - résultats
Vous n’avez pas pris ce quiz